000
00295nam a2200121Ia 4500
008
190216s9999||||xx |||||||||||||| ||und||
100
_a
Steven C Ross
245
0
_a
Understanding And Using Dbaseiv
260
_b
Jaico Publishing House
_c
1990
300
_a
1-14p
650
_a
Computer
942
_c
BK
999
_c
8416
_d
8416